000 00885cab a2200289 4500
001 ABS48478
008 090401t1993 xxu||||| |||| 00| 0 eng d
035 _a(Sirsi) u67004
041 _aeng
100 _aYoung, E.
245 _aScottish development: a planning miscellany
260 _c1993
350 _a0
490 _aEstates Gazette
_v(9213) 3 April 1993, 81-83(3)
520 _aDiscusses the statutory definition of `development` in Scottish law with reference to recent case law.
650 _aFARLEYER ESTATE V SOS FOR SCOTLAND
650 _aFAYREWOOD FISH FARMS V SOS FOR THE ENVIRONMENT
650 _aFORESTRY
650 _aKINCARDINE V DEESIDE
650 _aPLANNING PROCESS
650 _aSCOTLAND
650 _aSCOTS LAW
650 _aTOWN AND COUNTRY PLANNING ACT 1972
690 _aPLANNING LAW AND PRACTICE
942 _n0
948 _c04/03/1997
999 _c41895
_d41895